| 000 | 00939nam a22003137a 4500 | ||
|---|---|---|---|
| 001 | 030 | ||
| 003 | DO-SdBNP | ||
| 005 | 20180220090959.0 | ||
| 007 | 030 | ||
| 008 | 151005b 1992 sp a 00| 0 spa d | ||
| 020 | _a8434812339 | ||
| 040 |
_aBPMSU _bspa _cBPMSU |
||
| 092 |
_aXXXX _bXXXX |
||
| 100 | 1 | _aMateos, Pilar | |
| 245 | 1 | 0 |
_aLucas y Lucas _bEl rapto de caballo gris / _cPilar Mateos ; ilustración Chata Lucini ; dirección colección Marinella Terzi |
| 250 | _a10a. ed. | ||
| 260 |
_aMadrid : _bEdiciones SM, _c1992. |
||
| 300 |
_a84 p. : _bil. ; _c19 cm. |
||
| 490 | 1 |
_aEl barco de vapor _v21 _6Serie Naranja |
|
| 521 | 1 | _aA partir de los 9 años. | |
| 586 | _aPremio Lazarillo, 1982 | ||
| 700 | 1 | 2 |
_aLucini, Chata _eil. |
| 700 | 1 | 2 |
_aTerzi, Marinella _edir. colección |
| 830 | 0 |
_aBarco de vapor _n21 _gSerie Naranja |
|
| 910 | _a202 | ||
| 942 |
_2ddc _cBK |
||
| 945 | _aInventariado, 2018/ YL | ||
| 956 |
_aYLOCKWARD _b10 _cBPMSU |
||
| 999 |
_c8329 _d8329 |
||